| 000 | 01074nam a22002177a 4500 | ||
|---|---|---|---|
| 005 | 20250408104318.0 | ||
| 008 | 250408b |||||||| |||| 00| 0 eng d | ||
| 082 | _aDPer 621.317 Ie21 December 2022 v.37 n. 12 part 1&2. | ||
| 245 |
_aIntegration of measurement vector insertion with discontinuous pwm to improve saliency-based sensorless drive position estimation / _cJyun-You Chen, Kuo-Yuan Hung, Guan-Ren Chen, and Shih-Chin Yang. |
||
| 260 |
_aNew York ; _bThe Institute of Electrical and Electronics Engineers, Inc., _cDecember 2022. |
||
| 300 |
_avolume 37, pages 15283-15296, _billustration. |
||
| 500 | _aIEEE Transactions on Power Electronics, v. 37 n. 12, pages 15283-15296, December 2022. | ||
| 650 | 0 |
_aSaliency-based drive. _966246 |
|
| 650 | 0 |
_avoltage-source inverter. _966247 |
|
| 650 | 0 |
_apulsewidth modulation (PWM) voltage injection. _966248 |
|
| 700 |
_aChen, Jyun-You. _eauthor. _966242 |
||
| 700 |
_aHung, Kuo-Yuan. _eauthor. _966243 |
||
| 700 |
_aChen, Guan-Ren. _eauthor. _966244 |
||
| 700 |
_aYang, Shih-Chin. _eauthor. _966245 |
||
| 942 |
_2ddc _cPER |
||
| 999 |
_c23611 _d23611 |
||